Представление документа в формате RUSMARC

ПолеНазваниеЗначение
  Тип записи a
  Библиографический уровень m
001 Контрольный номер RU/ГПНТБ России/IBIS/84(2Рос=411.2)6/Р 63-516824818
005 Дата корректировки 20260618141116.3
010 Индекс ISBN __
a ISBN 978-5-4484-5439-4
b Уточнения в пер.
9 Тираж 1500
100 Данные общей обработки __
a Данные общей обработки 20260618d2025 m y0rusy0250
101 Язык документа 0_
a Язык текста rus
102 Страна публикации __
a Страна публикации RU
105 Кодированные данные (монография) __
a Кодированные данные (монография) y z 000zy
181 Поле кодированных данных: вид содержания _0
a Код вида содержания (ISBD) i
182 Поле кодированных данных: тип средства _0
a Код типа средства (ISBD) n
200 Заглавие и сведения об ответственности 1_
a Заглавие За морем - Мангазея
a Заглавие Киприанов след
a Заглавие Наследники Киприана
e Сведения, относящиеся к заглавию повести
f Первые сведения об ответственности Виктор Рожков
203 Вид содержания и тип средства __
c Тип средства непосредственный
a Вид содержания Текст
210 Выходные данные 1_
a Место издания Москва
c Издательство Вече
d Дата издания 2025
215 Физическое описание __
a Объем 637, [2] с.
d Формат 22 см
225 Серия 2_
a Серия Сибириада
333 Примечание о целевом назначении __
a Примечание о целевом назначении информационная продукция для детей, достигших возраста двенадцати лет
333 Примечание о целевом назначении __
a Примечание о целевом назначении для взрослых, общего характера
686 Индексы других классификаций __
2 Код системы rubbk
a Классификационный индекс 84(2Рос=411.2)6-44
686 Индексы других классификаций __
2 Код системы rugasnti
a Классификационный индекс 17.82.31
700 Автор _1
a Фамилия Рожков
b Имя В. П.
g Полное личное имя Виктор Петрович
f Даты 1920-2006
4 Код отношения 070
801 Источник записи _0
b Организация ГПНТБ России
a Страна RU
c Дата составления 20260618
801 Источник записи _1
b Организация ГПНТБ России
a Страна RU
c Дата составления 20260618
852 Данные о местонахождении 5_
a Наименование организации ГПНТБ России
m Суффикс шифра хранения 111106187
b Сигла хранения ЦГБ
j Шифр хранения 84(2Рос=411.2)6
p Инвентарный номер RU
899 Данные о местонахождении __
a Местонахождение ГПНТБ России
p Штрих-код 111106187
b Место хранения ЦГБ
h Классификационная часть РШ 84(2Рос=411.2)6-44
i Авторский знак Р 63
901 Тип документа __
a Ответственный заим.